000 01110nam0a22003011 4500
001 v19\rc\1772390
005 20140122161552.4
035 _a(NLR Aleph) 004891433
090 _a5275482
_c5275482
100 _a20061204d1904 |||y0rusy50 ca
101 0 _arus
102 _aRU
105 _ay z |||||
200 1 _aО любви божией на страшном суде Христовом
_fАрхим. Андрей
210 _aКазань
_cКазан. о-во трезвости
_d1904
215 _a42 с.
_d25
311 _aПрил. к № 5 журн. "Деятель"
422 0 _12001#$aДеятель$v№ 5
700 0 _aАндрей
_cУхтомский, Александр Алексеевич
_cепископ Уфимский
_f1872-1937
_3RU\NLR\AUTH\7713097
_7ca
790 1 _aУхтомский
_bА. А.
_f1872-1937
_gАлександр Алексеевич
801 0 _aRU
_bNLR
_gpsbo
801 0 _aRU
_bRuMoRGB
_2psbo
801 1 _aRU
_bProSoft-M
_2rusmarc
801 2 _aRU
_bNLR
_c20140122
_2rusmarc
852 _aNLR
_j34.82.6.66
899 _aRuMoRGB
_jM 109/895
942 _cBOOK
980 _aNB